100 best-loved poems / (Record no. 600)

MARC details
000 -LEADER
fixed length control field 00692cam a2200265 a 4500
003 - CONTROL NUMBER IDENTIFIER
control field data
005 - DATE AND TIME OF LATEST TRANSACTION
control field 20260322212026.0
008 - FIXED-LENGTH DATA ELEMENTS--GENERAL INFORMATION
fixed length control field data
010 ## - LIBRARY OF CONGRESS CONTROL NUMBER
LC control number 95019647
020 ## - INTERNATIONAL STANDARD BOOK NUMBER
International Standard Book Number 0486285537
020 ## - INTERNATIONAL STANDARD BOOK NUMBER
International Standard Book Number 9780486285535
040 ## - CATALOGING SOURCE
Original cataloging agency DLC
Transcribing agency DLC
Modifying agency OIB
-- OIB
050 00 - LIBRARY OF CONGRESS CALL NUMBER
Classification number PR1175
Item number .A137 1995
092 ## - LOCALLY ASSIGNED DEWEY CALL NUMBER (OCLC)
Classification number 821.008 A137 1995
001 - CONTROL NUMBER
control field data
245 00 - TITLE STATEMENT
Title 100 best-loved poems /
Statement of responsibility, etc. edited by Philip Smith.
246 3# - VARYING FORM OF TITLE
Title proper/short title One hundred best-loved poems.
260 ## - PUBLICATION, DISTRIBUTION, ETC.
Place of publication, distribution, etc. New York :
Name of publisher, distributor, etc. Dover Publications,
Date of publication, distribution, etc. 1995.
300 ## - PHYSICAL DESCRIPTION
Extent x, 101 p. ;
Dimensions 23 cm.
440 #0 - SERIES STATEMENT/ADDED ENTRY--TITLE
Title Dover thrift editions.
500 ## - GENERAL NOTE
General note Includes index.
650 #0 - SUBJECT ADDED ENTRY--TOPICAL TERM
Topical term or geographic name entry element English poetry.
650 #0 - SUBJECT ADDED ENTRY--TOPICAL TERM
Topical term or geographic name entry element American poetry.
700 1# - ADDED ENTRY--PERSONAL NAME
Personal name Smith, Philip,
Dates associated with a name 1967-
Holdings
Withdrawn status Lost status Damaged status Not for loan Home library Current library Shelving location Date acquired Total checkouts Full call number Barcode Date last seen Price effective from Koha item type
        Centerville Centerville General stacks 22/03/2026   PR1175 .A137 1995 BC0010615 22/03/2026 22/03/2026 Books